000 00838nas a2200253 4500
001 BR2013003417
003 BR-BrBNA
005 20231205122246.0
007 ta
008 230509b bl.|||p| |||| 00| 00por d
040 _aBR-BrBNA
_bpor
_cBiblioteca Nacional de Agricultura
041 _a(En)
072 _aK10
100 1 _aSilva, P.S. da
100 1 _aCortez, V.G.
100 1 _aSilveira, R.M.B. da
245 1 _aSynopsis of the Strophariaceae (Basidiomycota, Agaricales)from Floresta Nacional de São Francisco de Paula, Rio Grande do Sul state, Brazil
650 _aPINHEIRO-DO-PARANÁ
650 _aARAUCARIA ANGUSTIFOLIA
650 _aRIO GRANDE DO SUL
773 0 _tHoehnea (Brazil)
_xISSN 0073-2877
_g(Sep 2012), v. 39(3) p. 479-487
_wBR2013003417
909 _a202311
_bLúcia
_c55
_dLúcia Elande
942 _2AGRIS
_n0
_cANA
999 _c227740
_d227740